| 000 | 00655nam a22001817a 4500 | ||
|---|---|---|---|
| 999 |
_c187739 _d187739 |
||
| 005 | 20220428153323.0 | ||
| 010 | _aENG-132449 | ||
| 020 | _c325.00 | ||
| 035 | _aEN-115981 | ||
| 037 | _bDBAD/PUB | ||
| 082 | _a610.7 | ||
| 100 | _aGnanaprasuna, G. | ||
| 245 |
_aCommunication and Educational Technology: _bSecond year B.sc Nursing/ _cG.Gnanaprasuna |
||
| 260 |
_aVijayawada _bVijayam Publications _c2019 |
||
| 270 |
_a#29-2-28,Ramamandiram St,Governerpet,Eluru Road,Vijaywada-2,A.P. _bVijayawada _e517502 _k0866-2432445 _mvijayampublicationtriupati@gmail.com |
||
| 300 |
_a10.4vp. _c24.cm.(pbk) _bIndex |
||
| 942 |
_cEN _h610.7 _2ddc _mGNA |
||